00729nam a2200205Ia 450000500170000000800460001703700120006304000200007504100130009508400250010824500810013324500390021426000630025330000150031636500130033165000170034494200250036199900210038695201160040720250508162814.0008 250505s9999 xx 000 0 eng d aTextual aFEDLbengcFEDL aeng2eng a016.001 4, ASSqFEDL 0aBibliography of doctroal dissertations 1977-78: Natural and applied sciences 0cAssociation of Indian Universities aNew Delhi, IndiabAssociation of Indian Universitiesc1980 axxxvi,474p aINRb100 aBibliography cTEXLh016.001 4, ASS c1378790d1378790 00104070aFEDLbFEDLd2025-05-08g100.00l0o016.001 4, ASSpEL0071584r2025-05-08 16:28:14w2025-05-08yTEXL